| 000 | 01077nam0a2200289 i 4500 | ||
|---|---|---|---|
| 001 | RU\NLR\bibl\1895181 | ||
| 005 | 20240726063249.0 | ||
| 010 |
_a9785948691305 _9300 |
||
| 021 |
_aRU _b2012-25046 _91871 |
||
| 035 | _a(NLR Aleph) 001884848 | ||
| 090 |
_a2840239 _c2840239 |
||
| 100 | _a20120420d2011 u y0rusy50 ca | ||
| 101 | 0 | _arus | |
| 102 | _aRU | ||
| 105 | _ac ||||||||| | ||
| 200 | 1 |
_aЯ люблю свою деревню _fЗаслуженцева Елена Владимировна |
|
| 210 |
_aСанкт-Петербург _cИзд-во Н-Л _d2011 |
||
| 215 |
_a63 с. _cпортр. _d17 |
||
| 327 | 1 | _aСодерж.: Циклы: Круговорот в природе; Память; Олюбви и о себе; И в шутку и всерьез (обо всем по немногу...) | |
| 686 | _aШ6(2=Р)8-5 | ||
| 700 | 1 |
_aЗаслуженцева _bЕ. В. _gЕлена Владимировна _4070 |
|
| 801 | 0 |
_aRU _bNLR _c20120420 _gRCR |
|
| 801 | 1 |
_aRU _bNLR _c20120420 |
|
| 942 | _cBOOK | ||
| 980 | _aNBR | ||